| 000 | 00779nam a2200205Ii 4500 | ||
|---|---|---|---|
| 003 | JO-AjNU | ||
| 008 | 230605s9999||||xx |||||||||||||| ||und|| | ||
| 040 |
_aJO-AjNU _bara _erda _cJO-AjNU |
||
| 041 | _aara | ||
| 050 | 1 | 4 | _aBP173.758 2011 |
| 100 | 3 |
_aإعداد أبو سليمان، عبد الوهاب ابراهيم, _eauthor _945012 |
|
| 245 | 0 | 0 | _aفقه المعاملات المالية الحديثة مع مقدمات ممهدات وقرارات، ج1 |
| 250 | _aط3 | ||
| 264 | 3 | 1 | _aالرياض: مكتبة الرشد ناشرون، 2011 |
| 300 | _aج1، 1-597ص | ||
| 336 |
_atext _btxt _2rdacontent |
||
| 337 |
_aunmediated _bn _2rdamedia |
||
| 338 |
_avolume _bnc _2rdacarrier |
||
| 650 | 4 |
_aالمعاملات المالية- الفقه الاسلامي _945013 |
|
| 999 |
_aA19481 _c23049 _d23049 |
||